[Event "SRI-chB (Women)"]
[Site "Narahenpita"]
[Date "2017.05.14"]
[Round "4"]
[White "Goyumi, Sasika MW"]
[Black "Jayaweera, Sayuni Gihansa"]
[Result "1/2-1/2"]
[WhiteElo "1523"]
[BlackElo "1559"]
[PlyCount "84"]
[EventDate "2017.05.12"]
[EventType "swiss"]
[EventRounds "10"]
[EventCountry "SRI"]
[SourceTitle "CBM 178 Extra"]
[Source "ChessBase"]
[SourceDate "2017.06.22"]
[SourceVersion "1"]
[SourceVersionDate "2017.06.22"]
[SourceQuality "1"]

1. e4 c5 2. Nc3 g6 3. g3 Bg7 4. Bg2 Nc6 5. Nge2 d6 6. d3 Nf6 7. h3 Rb8 8. Be3 Bd7 9. Qd2 h5 10. f3 b5 11. g4 b4 12. Nd1 a5 13. g5 Nh7 14. f4 Nd4 15. c3 Nxe2 16. Kxe2 Qb6 17. d4 cxd4 18. Bxd4 Qb5+ 19. Kf3 e5 20. Be3 exf4 21. Bxf4 Be5 22. Be3 Bc6 23. Kf2 bxc3 24. bxc3 Qc4 25. Bd4 0-0 26. Ne3 Bxd4 27. cxd4 Qb4 28. Qxb4 Rxb4 29. d5 Rb2+ 30. Kg3 Bd7 31. h4 f6 32. gxf6 Rxf6 33. Rhf1 Bb5 34. Rab1 Rxg2+ 35. Kxg2 Bxf1+ 36. Rxf1 Kf7 37. Nc4 Rxf1 38. Kxf1 Nf6 39. Nxa5 Nxe4 40. Nc4 Ke7 41. a4 Nc3 42. Nb6 Kd8 1/2-1/2

[Event "SRI-chB (Women)"]
[Site "Colombo"]
[Date "2016.03.20"]
[Round "7"]
[White "Herath, Sanduni"]
[Black "Goyumi, Sasika MW"]
[Result "1/2-1/2"]
[WhiteElo "1329"]
[BlackElo "1521"]
[PlyCount "50"]
[EventDate "2016.03.12"]
[EventType "swiss"]
[EventRounds "10"]
[EventCountry "SRI"]
[SourceTitle "CBM 171 Extra"]
[Source "ChessBase"]
[SourceDate "2016.04.26"]
[SourceVersion "1"]
[SourceVersionDate "2016.04.26"]
[SourceQuality "1"]

1. d4 d5 2. c4 e6 3. Nc3 Nf6 4. cxd5 exd5 5. Bg5 Nbd7 6. e3 c6 7. Bd3 Be7 8. Nge2 h6 9. Bf4 0-0 10. 0-0 Ne8 11. Qc2 Nd6 12. Rac1 Nf6 13. b4 Bd7 14. Rb1 b5 15. Bxd6 Bxd6 16. Bf5 Re8 17. Bxd7 Nxd7 18. Ng3 Bxg3 19. hxg3 Nf6 20. Ne2 Rc8 21. Nf4 Qe7 22. Rfc1 Ne4 23. Rb3 Nd6 24. Nd3 Nc4 25. Nc5 Ra8 1/2-1/2

[Event "SRI-chB (Women)"]
[Site "Colombo"]
[Date "2014.02.28"]
[Round "5"]
[White "Thilakawardana, Supeshala"]
[Black "Goyumi, Sasika MW"]
[Result "1-0"]
[WhiteElo "1765"]
[BlackElo "1416"]
[PlyCount "42"]
[EventDate "2014.02.26"]
[EventType "swiss"]
[EventRounds "10"]
[EventCountry "SRI"]
[SourceTitle "CBM 159 Extra"]
[Source "ChessBase"]
[SourceDate "2014.04.24"]
[SourceVersion "1"]
[SourceVersionDate "2014.04.24"]
[SourceQuality "1"]

1. d4 d5 2. Nf3 Nf6 3. Bf4 g6 4. Nc3 Bg7 5. Qd2 Nc6 6. e3 a6 7. h3 Bf5 8. Bd3 Bxd3 9. cxd3 Nh5 10. Bh2 Qd7 11. Ne2 0-0 12. Rc1 Rac8 13. 0-0 Rfe8 14. Ne5 Nxe5 15. dxe5 Qe6 16. Nd4 Qd7 17. g4 c5 18. Nb3 b6 19. Kg2 Qe6 20. f4 d4 21. gxh5 gxh5 1-0